000 00628nam a2200181Ia 4500
008 090630s9999 xx 000 0 und d
082 _b22596
100 _aआफळे सुनिता.
245 _aसंत गुलाबराव महाराज.
_cआफळे सुनिता.
260 _b---
_c2003
300 _a40
600 _aआफळे सुनिता.
630 _aसंत गुलाबराव महाराज.
655 _aचरित्र.
700 _aआफळे सुनिता.
730 _aसंत गुलाबराव महाराज.
942 _cBOOK
999 _c274452
_d274452